000 00891nam a2200193 a 4500
001 000016531
005 20200929164926.0
008 100308s2007 dr 000 0 spa d
040 _aDO-SdBNP
_bspa
_cBNPHU
082 _axxx
_bG216m
100 1 _aGarcía Marín, Mercedes
_936777
245 1 0 _aManual para la formación de productores en crianza de peces /
_cMercedes García Marín, Thomás Tanguay.
260 _aSanto Domingo. :
_bIDIAF,
_c2007.
300 _a6 v. ;
_c24 cm.
505 0 _av. 1 introducción -- v. 2 Tipos de explotaciones piscícolas -- v. 3 Características de los estanques piscícolas -- v. 4 Preparación del estanque para la siembra -- v. 5 Cuidados durante la crianza de peces -- v. 6 Sistema de producción de tilapia.
700 1 _aTanguay, Thomás
_936778
710 2 _aInstituto Dominicano de Investigaciones Agropecuarias y Forestales
_9299
049 _aBNPD
999 _c16065
_d16065